00955 a2200217 45000010006000000050017000060080041000230030015000640400040000790800122001192450056002410200018002972640041003153000019003565050168003759420007005435900036005501000030005869990015006169520106006315500520260407155825.0260407a1990 arg spa dAR-UNSa-BCEJYS aAR-UNSa-BCEJYSbspacAR-UNSa-BCEJYS a101.1xNaturaleza de la filosofía. La filosofía como ciencia. La filosofía como arte (pensamiento filosófico)10aPerspectivas etico-juridicaspuna lectur aamericana a950-20-0585-4 1aBuenos Aires :bAbeledo Perrotc1990 a158 p.c17 cm. a1. Libertad como moral y derecho – 2. Bobbio: lo formal en la ética y el derecho – 3. Ética y otología americanas (su institucionalización jurídica). cBK aniveau_biblio:m niveau_hierar:01 aBorda de Rojas Paz, Nerva c5867d5867 00104070aBCEJYSbBCEJYSc16d2026-04-07l0o101.1 B727pL58881r2026-04-07 15:58:25w2026-04-07yL